00625 a2200157 4500010001400000020002300014035001300037037001500050082001600065245018400081250001100265260004200276270010400318300002600422500001900448 aENG-86763 c495.00a8175346031 aEN-70296 bDBAD / PUB14a343.54099441 aLaw relating to computers internet & e-commerce :ced. by Nandan Kamathba guide to cyber laws and the information technology act, 2000 with rules, regulations and notifications / a3rd ed aDelhibUniversal Law Publishingc2007 aC-FF-1A, Dilkhush Industrial Estate, (Opp. Hans Cinema, Azadpur), G.T. Karnal Road,bDelhie110 033 axlix,749pc24cm (pbk) aIncludes index